| 000 | 01361cam a22003857a 4500 | ||
|---|---|---|---|
| 003 | CHAP | ||
| 005 | 20220817043835.0 | ||
| 008 | 010323d it rn 00110 spa d | ||
| 010 | _a85797 | ||
| 011 | _a86769 | ||
| 020 | _a9251045550 | ||
| 035 | _a97309 | ||
| 040 | _cCHAP | ||
| 082 | 0 | 4 |
_a632.93 _bF3 v.164 |
| 110 | 2 | _aFAO | |
| 245 | 1 | 0 |
_aSeed policy and programmes in Latin America and the Caribbean : _bproceedings of the regional technical meeting on seed policy and programmes in Latin America and the Caribbean _c/by FAO |
| 260 |
_aRome : _bFAO, _c2001. |
||
| 300 |
_a219 p. ; _bcuadros |
||
| 490 | 0 |
_aFAO. Producción y protección vegetal _v; 164 |
|
| 590 |
_aBATCH-UPD _b10 _c20130110 _lUCH01 _h1433 |
||
| 590 |
_aBATCH-UPD _b10 _c20130410 _lUCH01 _h0909 |
||
| 590 |
_aBATCH-UPD _b10 _c20130914 _lUCH01 _h0647 |
||
| 590 |
_aCONVERSION _b10 _c20130109 _lUCH01 _h1348 |
||
| 650 | 0 | 1 |
_aRecursos genéticos _995078 |
| 650 | 1 | 4 |
_aBiotecnología vegetal. _912892 |
| 650 | 1 | 4 |
_aSemillas _xCalidad. _9103881 |
| 650 | 1 | 4 |
_aSemillas _xIndustria. _9103905 |
| 650 | 1 | 4 |
_aSemillas _xMejoramiento. |
| 650 | 1 | 4 |
_aSemillas _xProducción. _9103927 |
| 830 | 0 |
_aFAO. Producción y protección vegetal _v; 164 _939654 |
|
| 901 | _aBK | ||
| 905 | _aAlejandra Carrasco M. | ||
| 942 | _cLIBRO | ||
| 949 |
_a632.93 F3 v.164 _bBC _cFAO _d33724000865226 _eFAO1 _h102606 _i97309 _sb |
||
| 999 |
_c85797 _d85797 |
||